000 00439cam a2200193 4500
001 D7126
008 090401t1971 xxu||||| |||| 00| 0 eng d
035 _a(Sirsi) u5296
041 _aeng
050 _a692.5
100 _aMilne, John A
245 _aBuilders' estimating simply explained
250 _aMetric
260 _aLondon
_bGeorge Godwin
_c1971
300 _a189p. 22cm
350 _a2
942 _n0
948 _c04/03/1997
999 _c86152
_d86152